| 000 | 00708nam a2200193 i 4500 | ||
|---|---|---|---|
| 001 | 102032 | ||
| 003 | ES-MaACL | ||
| 005 | 20230906183031.0 | ||
| 007 | t| | ||
| 008 | 051102s1933 sp bd |||| | spa d | ||
| 080 | _a336.722(460) | ||
| 110 | 2 |
_aCaja Postal de Ahorros (España) _92340 |
|
| 245 | 1 | 0 |
_aMemoria de la situación y gestión de la Caja Postal de Ahorros / _cpresentada por el administrador general al Consejo de Administración, 31 Diciembre de 1932. |
| 260 |
_aMadrid : _bErnesto Giménez, _c1933. |
||
| 300 |
_a109 p., IX gráf., 1 map. ; _c32 cm. |
||
| 594 | _aPrecede al tít.: República Española. | ||
| 610 | 2 | 4 |
_aCaja Postal de Ahorros (España) _92340 |
| 852 |
_aES-MaACL _j1765-F-20 |
||
| 999 |
_c102032 _d102032 |
||